The Office (US) - Every Regional Manager - Statistics

General Stats
  • This quiz has been taken 170 times
  • The average score is 8 of 12
Answer Stats
Hint Episodes Answer % Correct
The main regional manager through seasons 1 to 6 Pilot - Goodbye ____ Michael Scott
98%
Becomes co-manager after his promotion is jeopardized The Meeting Jim Halpert
92%
Appointed by the new CEO The List Andy Bernard
89%
Fired by Jo for discharging a gun in the office; eventual manager at the end of the show ________ (Acting) Manager, Finale Dwight Schrute
89%
Regional manager before episode 1; decapitated under a semi truck Before Pilot Ed Truck
86%
Walked in then out, convinced Jo to make him the CEO The List Robert California
82%
Promoted automatically for being the most experienced in the office Search Committee Creed Bratton
80%
Usurps the position because nobody is there to stop her Get the Girl Nellie Bertram
67%
Chosen by Answer 3 to be his replacement The Inner Circle Deangelo Vickers
61%
Acting manager when the regional manager quits to start his own paper company New Boss Charles Miner
56%
Wins the position for 1 hour Roy's Wedding Kevin Malone
45%
Regional manager for nine years, four months; before episode 1 Before Pilot Henry Rostin
3%
No matching quizzes found
Score Distribution
Percent of People with Each Score
Percentile by Number Answered
Your Score History
You have not taken this quiz